Postavenie a perspektívy slovenského farmaceutického priemyslu na svetovom trhu dizertačná práca

Salvato in:
Dettagli Bibliografici
Autore principale: Šiška, Karol
Ente Autore: Obchodná fakulta EU. Katedra hospodárskej diplomacie
Altri autori: Lipková, Ľudmila
Natura: Libro
Lingua:slovacco
Pubblicazione: Bratislava 1999
Soggetti:
Tags: Aggiungi Tag
Nessun Tag, puoi essere il primo ad aggiungerne!!

MARC

LEADER 00000nam a2200000 4500
001 0198822
005 20221207103840.2
041 0 |a slo 
044 |a SK 
245 1 0 |a Postavenie a perspektívy slovenského farmaceutického priemyslu na svetovom trhu  |b dizertačná práca  |c Karol Šiška ; školiteľ: Ľudmila Lipková 
264 1 |a Bratislava  |c 1999 
300 |a 149 s. 
610 2 0 |a priemysel farmaceutický 
610 2 0 |a stratégia podniková 
610 2 0 |a manažment strategický 
610 2 0 |a Slovensko 
100 1 |a Šiška, Karol 
700 1 |a Lipková, Ľudmila 
710 2 |a Obchodná fakulta EU. Katedra hospodárskej diplomacie